000 00525nam a2200181Ia 4500
005 20250326125537.0
008 250326s9999 xx 000 0 und d
037 _aTextbook
040 _aFMSL
_beng
_cFMSL
041 _aeng
_2eng
084 _aT(X:8) K5
_qFMSL
100 _aBritish Institute OF Management
_9276418
245 0 _aHigher management lectures
_cBritish Institute OF Management
260 _aLondon
_bLondon, B I M
_c1965
300 _a63p
942 _cTB
_hT(X:8) K5
999 _c1278507
_d1278507